| 000 | 00972nam a2200325 a 4500 | ||
|---|---|---|---|
| 001 | 26405 | ||
| 003 | CO-ViMGA | ||
| 005 | 20230915223422.0 | ||
| 006 | a4447693 | ||
| 008 | 141112s2004 ck r 000 u spa d | ||
| 015 | _aMON0906 | ||
| 017 | _aLE 116 - 2009 Oficina Depósito Legal León | ||
| 020 | _a9788444101590 | ||
| 035 | _a(OCoLC)733752949 | ||
| 040 |
_aCO-ViMGA _bspa _cCO-ViMGA |
||
| 080 | _a087.5 | ||
| 090 | _aC LOPd | ||
| 100 | 1 | _aLópez Gómez, Luisa M. | |
| 245 | 1 | 0 |
_aLa dama y el vagabundo : _baprendo con la RR y la V / _ctextos elaborados por Luisa M. López Gómez |
| 260 | _aEverest [2009] | ||
| 300 | _a31 p. il. col. 22 cm | ||
| 490 | 0 | _aAprendo con las vocales y los fonemas ; 10 | |
| 490 | 0 | _aAprendo las vocales y los fonemas 10 | |
| 594 | _aEn la portada : Disney | ||
| 650 | 1 | 4 |
_aLibros y lectura para niños _92366 |
| 650 | 1 | 4 | _aVocales - Enseñanza preescolar |
| 926 | _aMONOMODERN | ||
| 942 |
_2ddc _cBK |
||
| 956 | _a2 | ||
| 999 |
_c9947 _d9947 |
||